| 000 | 00561aam a2200205 4500 | ||
|---|---|---|---|
| 005 | 20161117114253.0 | ||
| 008 | 150409b xxu||||| |||| 00| 0 spa d | ||
| 041 | _aspa | ||
| 082 | _a658.15 E26i | ||
| 100 |
_aEdwardes, Warren _932492 |
||
| 245 | _aInstrumentos financieros fundamentales | ||
| 260 |
_aEspaña _bFinancial Times _c2001 |
||
| 300 | _a274 páginas | ||
| 650 |
_aADMINISTRACION FINANCIERA _927 |
||
| 650 |
_aCREATIVIDAD _932493 |
||
| 650 |
_aINNOVACION _91005 |
||
| 650 |
_aRIESGOS FINANCIEROS _919314 |
||
| 650 |
_aCREDITOS _9640 |
||
| 942 | _cBK | ||
| 999 |
_c4424 _d4424 |
||